00438 a2200145 4500003000400000005001700004008004100021020001800062040000900080082002200089100003600111245010600147260002900253300001000282OSt20231006141952.0231006b |||||||| |||| 00| 0 eng d a9789352872039 coclc a809.933553bRAN/E1 aRangarajan, Swarnalatha,d1969- aEco critcism :b big ideas and practical strategies /cSwarnalatha Rangarajan; edited by Scott Slovic bOrient Blackswan,c2022. a189 p